000 01366naa a22003497a 4500
001 BR9404691
003 BR-BrBNA
005 20250721155502.0
007 ta
008 250630b bl.|||m| |||| 00| 0 por d
040 _aBR-BrBNA
_bpor
_cBiblioteca Nacional de Agricultura
041 _a(Pt)
072 _aF04; F08
_b1930
_b1959
090 _aF04 BR9404691
100 1 _aPimentel, D.M.
100 1 _aSimao Neto, M.
100 1 _aSerrao, E.A.S.
100 1 _aVeiga, J.B. da
111 1 _a1. Simposio do Tropico Umido
_cBelem, PA (Brazil)
_d12-17 Nov 1984
245 1 _aAdubacao de capim-elefante (Pennisetum purpureum SCHUM.)puro e consorciado com Kudzu Tropical (Pueraria phaseoloides)
500 _aAnais do 1. Simposio do Tropico Umido. V. 5 Pastagem e producao animal Belem, PA (Brasil): 1986. p. 93-99 [6 tables; Summaries (En, Pt); 15 ref.] (BR9404691-AMS)
773 0 _tAnais do 1. Simposio do Tropico Umido. V. 5 Pastagem e producao animal
_wF04 BR9404691
_gBelem, PA (Brasil), 1986. p. 93-99
650 _aCapim Elefante
650 _aKudzu
650 _aAdubo Organico
650 _aFertilizante
650 _aAdubacao
650 _aConsorciacao de Cultura
490 _aDocumentos - Centro de Pesquisa Agropecuaria do Tropico Umido (Brazil)
_vno. 36
_xISSN 0101-2835
942 _cAMS
_2AGRIS
909 _a202506
_bLúcia
_c55
_dLúcia Elande
999 _c336770
_d336770